| 000 | 00846 a2200217 4500 | ||
|---|---|---|---|
| 005 | 20080827101654.0 | ||
| 008 | 080827t xxu||||| |||| 00| 0 eng d | ||
| 010 | _aENG-87253 | ||
| 020 |
_a9788190454353 _c695.00 |
||
| 035 | _aEN-70786 | ||
| 037 | _bDBAD / PUB | ||
| 082 | _a363.73 | ||
| 100 | _aRao, M.K. | ||
| 245 |
_aEnvironmental pollution and toxicology _cby M.K. Rao |
||
| 260 |
_aDelhi _bManglam Publishers _c2007 |
||
| 270 |
_aL-21/1, Street No. 5, Shivaji Marg, Near Kali Mandir, J.P. Nagar, Kartar Nagar, West Ghonda, _bDelhi _e110 053 |
||
| 300 |
_avii, 270p. _c22cm (Hb ) |
||
| 500 | _aIncludes index | ||
| 942 |
_adpl _cEN _k363.73 / RAO _2ddc _h363.73 _mRAO |
||
| 999 |
_c6310 _d6310 |
||